000
00329nam a2200145Ia 4500
005
20251222141834.0
008
251222s9999||||xx |||||||||||||| ||spa||
020
_a
9789972834370
082
_a
985.25/R47
100
_a
Reyes Flores, Alejandro
245
0
_a
Barrios Altos:
250
_a
1ra. ed.
264
_b
UMSM
942
_c
LIB
999
_c
7208
_d
7208